000 01195nam a2200325 4500
003 EG-GICUC
005 20260121101349.0
008 251126s1967 fr ||||fr|||| 001 0 fre d
040 _aEG-GiCUC
_bfre
_cEG-GiCUC
_dEG-GiCUC
_eRda
041 _afre
082 0 4 _221
_a341.851
_bR O . A
092 0 4 _221
099 _aLaw1 12 341.851 R O . A 4 ed - 1967
100 1 _aRobert, Jean,
_eAuteur
245 1 0 _aArbitrage Civil Et Commercial En Droit Interne Et International Privé :
_bsuivi de formules pratiques /
_cJean Robert.
250 _a4e éd.
264 1 _aParis :
_bDalloz,
_c1967 .
300 _a660 page ;
_c 24 cm.
336 _2rda contenu
_a texte
337 _2rda medias
_aOrdinateur
338 _2 transporteur rda
_a Ressource en ligne
500 _aPrevious editions published under title: Traité de l’arbitrage civil et commercial en droit interne.
504 _aComprend des références bibliographiques et un index.
546 _aTexte en français
650 1 _aArbitrage international
_xDroit international privé
_2qrmak
651 1 _2qrmak
856 4 0 _uhttps://fll.law.cu.edu.eg/fulltext/bks/B12-01518.pdf
905 _a75
_eYara
942 _2ddc
_n0
_cBK
_e21
999 _c46302
_d46302